005730000a22001810004500003001100000005001700011008004100028020001500069040003900084041000800123082001600131100001700147245004600164260010800210300003400318650002000352700001900372LK-CoMWRAF20231127133110.0230817t1987 ||||| |||| 00| 0 eng d a9679973220 aLK-CoMWRAFdLK-CoMWRAFeLK-CoMWRAF aeng a381.34bWEL aWells, Truth aTill they have faces:bwomen as consumers aPenang:bInternational Organization of Consumers Unions, Regional Office for Asia and the Pacificc1987 a142 p.bBibliography included aWOMEN CONSUMERS aSim, Foo Galik